000 00494nam a2200181Ia 4500
005 20250923144347.0
008 008 250917s9999 xx 000 0 eng d
037 _aTextual
040 _aDSWL
_beng
_cDSWL
041 _aeng
_2eng
084 _aY2, G8
_qDSWL
100 _aSait, U.B.
_9824090
245 0 _aHorizons for the family
_cby U.B. Sait
260 _aNew York
_b Macmillan
_c1938
300 _a772 p.
942 _cTEXL
_hY2, G8
999 _c1437895
_d1437895